01012nam a2200253Ia 4500001001200000003000800012006001900020007001500039008004100054040002100095035002100116050002400137100003800161245009100199260004400290300001100334533015200345650003500497650003700532655002900569710001700598856012600615999001700741ebr10001970CaPaEBRm u cr cn|||||||||930108s2001 vau s 000 0 eng d aCaPaEBRcCaPaEBR a(OCoLC)68061330914aHQ1596b.W65 2001eb1 aWollstonecraft, Mary,d1759-1797.12aA vindication of the rights of womanh[electronic resource] /cby Mary Wollstonecraft. aBlacksburg, VA :bVirginia Tech,c2001. a155 p. aElectronic reproduction.bPalo Alto, Calif. :cebrary,d2010.nAvailable via World Wide Web.nAccess may be limited to ebrary affiliated libraries. 0aWomen's rightszGreat Britain. 0aWomenxEducationzGreat Britain. 7aElectronic books.2local2 aebrary, Inc.40uhttp://site.ebrary.com/lib/rucke/Doc?id=10001970zAn electronic book accessible through the World Wide Web; click to view c20109d20109